| 000 | 00464nam a22001817a 4500 | ||
|---|---|---|---|
| 005 | 20260511121251.0 | ||
| 008 | 260511b |||||||| |||| 00| 0 eng d | ||
| 020 |
_a9780195655261 _c575.00 |
||
| 040 | _aMAIN | ||
| 041 | _aEnglish | ||
| 082 |
_a338.90091 _bSEN |
||
| 100 |
_aSen, Amartya _9744 |
||
| 245 | _aDevelopment as Freedom | ||
| 260 |
_aNew York _bOxford University Press _c2025 |
||
| 300 | _a366 | ||
| 650 |
_aEconomics (PM USHA) _926774 |
||
| 942 | _cBK | ||
| 999 |
_c60754 _d60754 |
||